000 00717nam a2200229Ia 4500
005 20250108124839.0
008 008 250107s9999 xx 000 0 eng d
020 _a978-0-19-946373-2
037 _aTB
040 _aCRL
_beng
_cCRL
041 _aeng
_2eng
084 _aY592J 152P8
084 _qCRL
100 _aSingh Youd Vir Au.; Pani S Rama Devi Au.
_9729973
245 0 _aBibliography of doctoral dissertations social sciences 2018
_cSingh Youd Vir Au.; Pani S Rama Devi Au.
260 _aNew Delhi, India
_bAssociation of Indian Universities
_c2418
300 _aiv,168p.
365 _aINR
_b170
650 _aSOCIAL SCIENCES
942 _cTB
_hY592J 152P8
999 _c1234806
_d1234806